Genes, crops and reproduction / (Record no. 52718)

MARC details
000 -LEADER
fixed length control field 00522nam a2200205Ia 4500
005 - DATE AND TIME OF LATEST TRANSACTION
control field 20260429112154.0
008 - FIXED-LENGTH DATA ELEMENTS--GENERAL INFORMATION
fixed length control field 260429s9999||||xx |||||||||||||| ||und||
020 ## - INTERNATIONAL STANDARD BOOK NUMBER
International Standard Book Number 9781639898954
041 ## - LANGUAGE CODE
Language English
082 ## - DEWEY DECIMAL CLASSIFICATION NUMBER
Classification number 575.1
Item number ARA
100 ## - MAIN ENTRY--PERSONAL NAME
Personal name Araujo, Louise
245 #0 - TITLE STATEMENT
Title Genes, crops and reproduction /
Statement of responsibility, etc Louise Araujo
250 ## - EDITION STATEMENT
Edition statement 1st ed.
260 ## - PUBLICATION, DISTRIBUTION, ETC. (IMPRINT)
Place of publication, distribution, etc New York :
Name of publisher, distributor, etc States Academic Press,
Date of publication, distribution, etc 2025.
300 ## - PHYSICAL DESCRIPTION
Extent vii, 228 p.; hb
650 ## - SUBJECT ADDED ENTRY--TOPICAL TERM
Topical term or geographic name as entry element Genes
650 ## - SUBJECT ADDED ENTRY--TOPICAL TERM
Topical term or geographic name as entry element Reproduction
650 ## - SUBJECT ADDED ENTRY--TOPICAL TERM
Topical term or geographic name as entry element Crops
942 ## - ADDED ENTRY ELEMENTS (KOHA)
Koha item type Text Books
Holdings
Withdrawn status Lost status Damaged status Not for loan Collection code Home library Location Shelving location Date of Cataloging Source of acquisition Total Checkouts Full call number Barcode Date last seen Price effective from Koha item type
        Non-fiction CUTN Central Library CUTN Central Library Sciences 29/04/2026 Technical Bureau, New Delhi - Invoice No. TB3352 on 09-02-2026   575.1 ARA 57837 29/04/2026 29/04/2026 Text Books